000 00531 a2200193 4500
005 20250509113402.0
008 250508b |||||||| |||| 00| 0 eng d
020 _a9789355739438
_cRs. 695.00
040 _aMAIN
082 _a658.3
_bS56H(2)
100 _aSengupta, Amitabha
245 _aHuman resource management: Concepts, practices, and new paradigms
250 _a2nd
260 _bCengage Learning India
_aDelhi
_c2024
300 _av.
650 _aManagement
650 _aHuman Resource Management
942 _cBK
999 _c359906
_d359906